000 00720cab a2200241 4500
001 ABS48432
008 090401t1993 xxu||||| |||| 00| 0 eng d
035 _a(Sirsi) u66671
041 _aeng
100 _aMacneil, J.
245 _aCoping with stresses
260 _c1993
350 _a0
490 _aBuilding
_v258(7788) 2 April 1993, 42-43(2)
520 _aAssesses software packages for structural engineers including a profile of Mott MacDonald`s SASMATE and CADDETT systems.
650 _aCAD
650 _aSOFTWARE PACKAGES
650 _aSTRUCTURAL DESIGN
650 _aSTRUCTURAL ENGINEERS
690 _aMANAGEMENT-BUSINESS MANAGEMENT-INFORMATION MANAGEMENT
942 _n0
948 _c04/03/1997
999 _c41645
_d41645